00537nam a2200193 a 4500001001300000003000900013005001700022008004100039020001000080082001500090100001900105245004900124260003200173300000800205500003500213505006500248650001100313700001900324nice12345678IN_TiNIC20260116013138.0050524s1982 lona grp 000 0 eng  ac25000a297.4bNEW aNew Research,  aNew Research on Current Philosophical System aLondonbOctagon Pressc1982 a36p aincludes index and biblioraphy2 aEnglish Rendering Muhammad Akbnar Muradpuri, Abul Aziz Kamal aSufism1 aNew Research,